Modelovanie biznis procesov s neurčitosťou diplomová práca
Salvato in:
| Autore principale: | |
|---|---|
| Ente Autore: | |
| Altri autori: | |
| Natura: | Libro |
| Lingua: | slovacco |
| Pubblicazione: |
Bratislava
2020
|
| Tags: |
Nessun Tag, puoi essere il primo ad aggiungerne!!
|
MARC
| LEADER | 00000nbm a2200000 4500 | ||
|---|---|---|---|
| 001 | 0266830 | ||
| 005 | 20210512110357.7 | ||
| 041 | 0 | |a slo | |
| 044 | |a SK | ||
| 245 | 1 | 0 | |a Modelovanie biznis procesov s neurčitosťou |b diplomová práca |c Erik Turčák ; školiteľ: Eva Rakovská |
| 264 | 1 | |a Bratislava |c 2020 | |
| 300 | |a 84 s. | ||
| 100 | 1 | |a Turčák, Erik | |
| 700 | 1 | |a Rakovská, Eva, 1963- | |
| 710 | 2 | |a Fakulta hospodárskej informatiky EU. Katedra aplikovanej informatiky | |